000 00298nam a22001217a 4500
082 _a823
_bODO/T
100 _aODOYWSKY, VLADIMIR
245 _aTHE TOWN IN THE SNUFF BOX AND OLD FATHER
260 _aMOSCOW
_bRADHUYA PUBLISHING
_c1990
300 _a36
650 _aENGLISH STORY
_zMOSCOW
942 _cBK
999 _c7415
_d7415